<?xml version="1.0" encoding="UTF-8"?>
<record
    xmlns:xsi="http://www.w3.org/2001/XMLSchema-instance"
    xsi:schemaLocation="http://www.loc.gov/MARC21/slim http://www.loc.gov/standards/marcxml/schema/MARC21slim.xsd"
    xmlns="http://www.loc.gov/MARC21/slim">

  <leader>00515cam a22001815i 4500</leader>
  <datafield tag="999" ind1=" " ind2=" ">
    <subfield code="c">57173</subfield>
    <subfield code="d">57173</subfield>
  </datafield>
  <controlfield tag="001">21254477</controlfield>
  <controlfield tag="005">20221107131555.0</controlfield>
  <controlfield tag="008">190816s2019    fr            000 1 fre  </controlfield>
  <datafield tag="020" ind1=" " ind2=" ">
    <subfield code="a">9782226443885x</subfield>
  </datafield>
  <datafield tag="041" ind1=" " ind2=" ">
    <subfield code="a">fre</subfield>
  </datafield>
  <datafield tag="080" ind1=" " ind2=" ">
    <subfield code="a">821.133.1-31 N-86</subfield>
  </datafield>
  <datafield tag="100" ind1="1" ind2=" ">
    <subfield code="a">Nothomb, Am&#xE9;lie,</subfield>
    <subfield code="e"> </subfield>
    <subfield code="9">5837</subfield>
  </datafield>
  <datafield tag="245" ind1="1" ind2="0">
    <subfield code="a">Soif :</subfield>
    <subfield code="b">roman /</subfield>
    <subfield code="c">Am&#xE9;lie Nothomb.</subfield>
  </datafield>
  <datafield tag="264" ind1=" " ind2="1">
    <subfield code="a">Paris :</subfield>
    <subfield code="b">Albin Michel,</subfield>
    <subfield code="c">[2019]</subfield>
  </datafield>
  <datafield tag="300" ind1=" " ind2=" ">
    <subfield code="a">151 pages ;</subfield>
    <subfield code="c">20 cm.</subfield>
  </datafield>
  <datafield tag="653" ind1=" " ind2=" ">
    <subfield code="a">&#x10E4;&#x10E0;&#x10D0;&#x10DC;&#x10D2;&#x10E3;&#x10DA;&#x10D8; &#x10DA;&#x10D8;&#x10E2;&#x10D4;&#x10E0;&#x10D0;&#x10E2;&#x10E3;&#x10E0;&#x10D0;</subfield>
  </datafield>
  <datafield tag="942" ind1=" " ind2=" ">
    <subfield code="2">udc</subfield>
    <subfield code="c">BK</subfield>
  </datafield>
  <datafield tag="952" ind1=" " ind2=" ">
    <subfield code="0">0</subfield>
    <subfield code="1">0</subfield>
    <subfield code="2">udc</subfield>
    <subfield code="4">0</subfield>
    <subfield code="6">821133131_N86</subfield>
    <subfield code="7">0</subfield>
    <subfield code="9">88024</subfield>
    <subfield code="a">CPL</subfield>
    <subfield code="b">CPL</subfield>
    <subfield code="c">GEN</subfield>
    <subfield code="d">2019-12-17</subfield>
    <subfield code="g">84.00</subfield>
    <subfield code="o">821.133.1-31 N-86</subfield>
    <subfield code="p">60299</subfield>
    <subfield code="r">2019-12-17</subfield>
    <subfield code="t">60299</subfield>
    <subfield code="w">2019-12-17</subfield>
    <subfield code="y">BK</subfield>
    <subfield code="z">84 &#x10DA;.</subfield>
  </datafield>
  <datafield tag="952" ind1=" " ind2=" ">
    <subfield code="0">0</subfield>
    <subfield code="1">0</subfield>
    <subfield code="2">udc</subfield>
    <subfield code="4">0</subfield>
    <subfield code="6">821133131_N86</subfield>
    <subfield code="7">0</subfield>
    <subfield code="9">88025</subfield>
    <subfield code="a">CPL</subfield>
    <subfield code="b">CPL</subfield>
    <subfield code="c">GEN</subfield>
    <subfield code="d">2019-12-17</subfield>
    <subfield code="g">84.00</subfield>
    <subfield code="o">821.133.1-31 N-86</subfield>
    <subfield code="p">60300</subfield>
    <subfield code="r">2019-12-17</subfield>
    <subfield code="t">60300</subfield>
    <subfield code="w">2019-12-17</subfield>
    <subfield code="y">BK</subfield>
    <subfield code="z">84 &#x10DA;. </subfield>
  </datafield>
</record>
